000
00301nam a2200121Ia 4500
008
220901s9999||||xx |||||||||||||| ||und||
082
_a
520 BAL
100
_a
Balaram, P.
245
0
_a
Current science
250
_a
Vol.78 Issue 4, 6 & 7
260
_b
Indian Academy Science
_c
2001
650
_a
Physics
999
_c
193950
_d
193950